000
00272nam a22001097a 4500
008
250428b |||||||| |||| 00| 0 eng d
050
_a
PE 1128
_b
.W56
100
_a
Winterowd W.Ross
245
_a
Rhetoric Writing
260
_a
Boston
_b
Allyn And Bacon INC
_c
1965
942
_c
BK
999
_c
3227
_d
3227